Basic statistics (with probability) (Record no. 18593)
[ view plain ]
| 000 -LEADER | |
|---|---|
| fixed length control field | 00576nam a22002057a 4500 |
| 003 - CONTROL NUMBER IDENTIFIER | |
| control field | CEu |
| 005 - DATE AND TIME OF LATEST TRANSACTION | |
| control field | 20140310183046.0 |
| 008 - FIXED-LENGTH DATA ELEMENTS--GENERAL INFORMATION | |
| fixed length control field | 130227t xxu||||| |||| 00| 0 eng d |
| 050 ## - LIBRARY OF CONGRESS CALL NUMBER | |
| Classification number | QA 276.12 |
| Item number | .M553 2003 |
| 082 ## - DEWEY DECIMAL CLASSIFICATION NUMBER | |
| Classification number | FIL 519.5 |
| Item number | D38 2003 |
| 245 ## - TITLE STATEMENT | |
| Title | Basic statistics (with probability) |
| Statement of responsibility, etc | Mercado-Del Rosario, Asuncion C. |
| 260 ## - PUBLICATION, DISTRIBUTION, ETC. (IMPRINT) | |
| Place of publication, distribution, etc | Mandaluyong City |
| Name of publisher, distributor, etc | Asuncion C. M. Del Rosario |
| Date of publication, distribution, etc | c2005 |
| 300 ## - PHYSICAL DESCRIPTION | |
| Extent | 241 p. |
| Dimensions | 25.3 cm. |
| 521 ## - TARGET AUDIENCE NOTE | |
| Target audience note | |
| 526 ## - STUDY PROGRAM INFORMATION NOTE | |
| Reading level | 1210L-1700L |
| 541 ## - IMMEDIATE SOURCE OF ACQUISITION NOTE | |
| -- | 1 |
| 541 ## - IMMEDIATE SOURCE OF ACQUISITION NOTE | |
| -- | 2 |
| 562 ## - COPY AND VERSION IDENTIFICATION NOTE | |
| Number of copies | 2 |
| 942 ## - ADDED ENTRY ELEMENTS (KOHA) | |
| Source of classification or shelving scheme | Library of Congress Classification |
| Koha item type | Books |
| Call number prefix | Filipininana |
| Withdrawn status | Lost status | Source of classification or shelving scheme | Damaged status | Home library | Current library | Shelving location | Date acquired | Total Checkouts | Total Renewals | Full call number | Barcode | Checked out | Date last seen | Date checked out | Copy number | Price effective from | Koha item type |
|---|---|---|---|---|---|---|---|---|---|---|---|---|---|---|---|---|---|
| Library of Congress Classification | College Library | College Library | Filipiniana Section | 05/14/2013 | 9 | 41 | QA 276.12 .M553 2003 | c4748 | 12/14/2021 | 08/26/2021 | 08/26/2021 | 1 | 11/14/2013 | Books | |||
| Library of Congress Classification | College Library | College Library | Filipiniana Section | 05/14/2013 | 4 | 45 | QA 276.12 .M553 2003 | c4749 | 03/09/2020 | 12/13/2019 | 2 | 11/14/2013 | Books |